00226nam a2200097Ia 4500008004100000082001500041100002300056245002300079260001800102600000800120241002s9999 xx 000 0 und d a709.02 WIL aWillem, H. Vanloon 4aThe Art of Mankind aLondon:c1963 aArt